| 000 | 04122nas1a22004571 4500 | ||
|---|---|---|---|
| 001 | RU\NLR\INFOCOMM\1000028193 | ||
| 005 | 20250807185525.0 | ||
| 035 | _a(NLR Aleph) 002483654 | ||
| 090 |
_a869 _c869 |
||
| 100 | _a20250807 rusy50 | ||
| 101 | 0 | _arus | |
| 102 | _aRU | ||
| 110 | _azyu||||0|y0 | ||
| 200 | 1 |
_aТруды Бюро кольцевания _fУпр. по заповедникам и охотничьему хоз. Глав. упр. лесного хоз. и полезащитного лесоразведения М-ва с.-х. СССР |
|
| 207 | 1 | _aВып.1-5, 7-9 | |
| 210 |
_aМ. _cИзд-во М-ва с.х. СССР _d1937-1957 |
||
| 311 | _aИздание прекращено на вып.9 1957г. Взамен него в 1959г. выходит изд. "Миграция животных" (шифр П7/805) | ||
| 430 | 1 | _12001#$aТруды Центрального Бюро кольцевания | |
| 442 | 1 |
_12001#$aМиграция животных _1852##$aNLR$jП7/805 |
|
| 710 | 0 | 2 |
_aБюро кольцевания _cМосква _4070 |
| 801 | 1 |
_aRU _bInfoComm _c20040115 |
|
| 801 | 0 |
_aRU _bNLR _gPSBO |
|
| 852 |
_aNLR _jП7/361 |
||
| 942 | _cSE | ||
| 945 | _aРоссийская национальная библиотека | ||
| 980 | _aNB | ||
| 980 | _aBV | ||
| 980 | _aRUSPER | ||